00488nam a2200169Ia 4500003000400000008004100004040001600045082001700061100002400078245008000102700002000182260004200202300001200244650001200256650001800268650003200286GCL140319s9999 xx 000 0 eng d aGCL / cGCL04a991.474bM B1 aMISIVNAS, ROMVALD G10aTHE BALTIC STATES : YEARS OF DEPENDENCE 1940 - 1990 / cMISIVNAS, ROMVALD G1 aTAAGEPERA, REIN a[S.N] : bHURST AND COMPANY ، c1993 a400 P P04aHISTORY04aBALTIC STATES04aBALTIC STATES, 1940 - 1990